<?xml version="1.0" encoding="UTF-8"?>
<record
    xmlns:xsi="http://www.w3.org/2001/XMLSchema-instance"
    xsi:schemaLocation="http://www.loc.gov/MARC21/slim http://www.loc.gov/standards/marcxml/schema/MARC21slim.xsd"
    xmlns="http://www.loc.gov/MARC21/slim">

  <leader>02012nam0a2200409   4500</leader>
  <controlfield tag="001">14068</controlfield>
  <controlfield tag="003">http://www.sudoc.fr/295527390</controlfield>
  <controlfield tag="005">20260401192805.0</controlfield>
  <datafield tag="010" ind1=" " ind2=" ">
    <subfield code="a">9782807104471</subfield>
    <subfield code="d">10 EUR</subfield>
  </datafield>
  <datafield tag="035" ind1=" " ind2=" ">
    <subfield code="a">(OCoLC)1581705376</subfield>
  </datafield>
  <datafield tag="073" ind1=" " ind2="0">
    <subfield code="a">9782807104471</subfield>
  </datafield>
  <datafield tag="090" ind1=" " ind2=" ">
    <subfield code="a">14068</subfield>
  </datafield>
  <datafield tag="099" ind1=" " ind2=" ">
    <subfield code="o">0</subfield>
  </datafield>
  <datafield tag="100" ind1=" " ind2=" ">
    <subfield code="a">20260326d2025    m  y0frey50      ba</subfield>
  </datafield>
  <datafield tag="101" ind1="0" ind2=" ">
    <subfield code="a">fre</subfield>
  </datafield>
  <datafield tag="102" ind1=" " ind2=" ">
    <subfield code="a">BE</subfield>
  </datafield>
  <datafield tag="105" ind1=" " ind2=" ">
    <subfield code="a">y   ||||000by</subfield>
  </datafield>
  <datafield tag="181" ind1=" " ind2=" ">
    <subfield code="6">z01</subfield>
    <subfield code="c">txt</subfield>
    <subfield code="2">rdacontent</subfield>
  </datafield>
  <datafield tag="181" ind1=" " ind2="1">
    <subfield code="6">z01</subfield>
    <subfield code="a">i#</subfield>
    <subfield code="b">xxxe##</subfield>
  </datafield>
  <datafield tag="182" ind1=" " ind2=" ">
    <subfield code="6">z01</subfield>
    <subfield code="c">n</subfield>
    <subfield code="2">rdamedia</subfield>
  </datafield>
  <datafield tag="182" ind1=" " ind2="1">
    <subfield code="6">z01</subfield>
    <subfield code="a">n</subfield>
  </datafield>
  <datafield tag="183" ind1=" " ind2="1">
    <subfield code="6">z01</subfield>
    <subfield code="a">nga</subfield>
    <subfield code="2">RDAfrCarrier</subfield>
  </datafield>
  <datafield tag="200" ind1="1" ind2=" ">
    <subfield code="a">Sylvia et L&#xE9;onard</subfield>
    <subfield code="b">LIVR</subfield>
  </datafield>
  <datafield tag="214" ind1=" " ind2="0">
    <subfield code="c">Emile&amp;Cie &#xE9;ditions</subfield>
    <subfield code="d">DL 2025</subfield>
  </datafield>
  <datafield tag="214" ind1=" " ind2="0">
    <subfield code="a">Manage</subfield>
  </datafield>
  <datafield tag="215" ind1=" " ind2=" ">
    <subfield code="a">1 volume (40 pages)</subfield>
  </datafield>
  <datafield tag="215" ind1=" " ind2=" ">
    <subfield code="c">couverture illustr&#xE9;e en couleurs</subfield>
    <subfield code="d">21 cm</subfield>
  </datafield>
  <datafield tag="225" ind1="1" ind2=" ">
    <subfield code="a">En direct de la sc&#xE8;ne</subfield>
    <subfield code="v">10</subfield>
  </datafield>
  <datafield tag="323" ind1=" " ind2=" ">
    <subfield code="a">3 personnages</subfield>
  </datafield>
  <datafield tag="330" ind1=" " ind2=" ">
    <subfield code="a">Sylvia et L&#xE9;onard vivent parfois leur existence sur un mode imaginaire. Ils s'inventent des bouff&#xE9;es de vie qu'ils n'ont pas v&#xE9;cues. Se manifestent alors des attentes, des illusions, des tromperies, des &#xE9;lans d'amour. Sans doute &#xE9;prouvent-ils un fort d&#xE9;sir de vivre plus pleinement, plus intens&#xE9;ment. Mais ils sont aussi confront&#xE9;s &#xE0; l'urgence de combler une absence qui les d&#xE9;route : Th&#xE9;o, leur grand fils, les a quitt&#xE9;s. Pour quelles raisons ? Pour aller o&#xF9; ? Pour faire quoi ? Le t&#xEA;te-&#xE0;-t&#xEA;te de Sylvia et L&#xE9;onard n'a rien de conventionnel. Leurs &#xE9;changes sont autant de joutes verbales. Mais savent-ils que leur r&#xE9;alit&#xE9; est aussi une fiction dans laquelle ils sont des acteurs de bonne foi ? Jean-Marie Piemme, dramaturge et p&#xE9;dagogique belge, a &#xE9;crit plusieurs dizaines de pi&#xE8;ces pour la plupart cr&#xE9;&#xE9;es, publi&#xE9;es et prim&#xE9;es.</subfield>
  </datafield>
  <datafield tag="410" ind1=" " ind2=" ">
    <subfield code="0">275074242</subfield>
  </datafield>
  <datafield tag="410" ind1=" " ind2=" ">
    <subfield code="t">En direct de la sc&#xE8;ne</subfield>
    <subfield code="v">10</subfield>
  </datafield>
  <datafield tag="608" ind1=" " ind2=" ">
    <subfield code="3">033293074</subfield>
    <subfield code="a">Th&#xE9;&#xE2;tre (genre litt&#xE9;raire) belge de langue fran&#xE7;aise</subfield>
    <subfield code="2">rameau</subfield>
  </datafield>
  <datafield tag="610" ind1=" " ind2=" ">
    <subfield code="a">couple</subfield>
    <subfield code="a">amour</subfield>
  </datafield>
  <datafield tag="700" ind1=" " ind2="1">
    <subfield code="a">Piemme</subfield>
    <subfield code="b">Jean-Marie</subfield>
    <subfield code="f">1944-....</subfield>
  </datafield>
  <datafield tag="700" ind1=" " ind2="1">
    <subfield code="3">027072517</subfield>
    <subfield code="c">dramaturge</subfield>
    <subfield code="4">070</subfield>
  </datafield>
  <datafield tag="801" ind1=" " ind2="3">
    <subfield code="a">FR</subfield>
    <subfield code="b">Abes</subfield>
    <subfield code="c">20260326</subfield>
    <subfield code="g">AFNOR</subfield>
  </datafield>
  <datafield tag="995" ind1=" " ind2=" ">
    <subfield code="2">0</subfield>
    <subfield code="5">2026-04-01</subfield>
    <subfield code="9">13959</subfield>
    <subfield code="c">JOL</subfield>
    <subfield code="f">JOL-007770</subfield>
    <subfield code="k">TH PIE 3</subfield>
    <subfield code="o">0</subfield>
    <subfield code="b">JOL</subfield>
    <subfield code="r">LIVR</subfield>
  </datafield>
</record>
